Ben Affleck Movies - Sudden Death - Statistics

General Stats
  • This quiz has been taken 1,021 times
  • The average score is 8 of 28
Answers on the Grid
Answers color-coded by a green-red scale on the quiz's grid according to % correct below.
Field of Dreams
Buffy the Vampire Slayer
Good Will Hunting
Dazed and Confused
Dogma
Armageddon
Pearl Harbor
Daredevil
Hollywoodland
Shakespeare in Love
Reindeer Games
Joseph: King of Dreams
The Sum of All Fears
Gigli
Paycheck
State of Play
Argo
The Town
Gone Girl
Batman v. Superman: Dawn of Justice
Justice League
Air
Live by Night
The Flash
The Tender Bar
The Accountant
Suicide Squad
The Last Duel
Man of Steel
Wonder Woman
Army of the Dead
Watchmen
Legends of the Guardians: The Owls of Ga'Hoole
Aquaman
Shazam!
Joker: Folie a Deux
Ocean's Eleven
Ocean's Twelve
Manchester by the Sea
To Die For
Psycho (1998)
American Pie
I'm Still Here
Tower Heist
ParaNorman
Interstellar
Inception
Dunkirk
Oppenheimer
Tenet
Batman Begins
The Batman
The Instigators
 
Answer Stats
Answer % Correct
Good Will Hunting
58%
Gone Girl
53%
Argo
49%
Armageddon
49%
Batman v. Superman: Dawn of Justice
49%
Pearl Harbor
48%
Daredevil
46%
The Accountant
45%
Justice League
41%
The Town
37%
Gigli
35%
Dogma
31%
The Sum of All Fears
26%
Air
23%
Reindeer Games
23%
Shakespeare in Love
20%
The Flash
20%
Dazed and Confused
18%
Paycheck
17%
The Last Duel
14%
Hollywoodland
12%
Suicide Squad
12%
Live by Night
10%
State of Play
10%
The Tender Bar
7%
Buffy the Vampire Slayer
5%
Field of Dreams
4%
Joseph: King of Dreams
3%
No matching quizzes found
Score Distribution
Percent of People with Each Score
Percentile by Number Answered
Your Score History
You have not taken this quiz